تاريخ دمشق الكبير / (رقم التسجيلة. 9940)

تفاصيل مارك
000 -الفاتح
حقل البيانات ثابتة الطول 00944cam a2200253a 44500
003 - محدد رقم الضبط
رقم الضبط OSt
005 - وقت وتاريخ اخر تعامل مع التسجيلة
رقم الضبط 20150408113847.0
008 - عناصر البيانات ثابتة الطول - معلومات عامة
حقل البيانات ثابتة الطول 980312s1979 le g 00010dara d
040 ## - مصدر الفهرسة
وكالة الفهرسة الأصلية mu
لغة الفهرسة ara
وكالة النسخ mb
041 ## - رمز اللغة
رمز لغة النص/ المسارات الصوتية أو العنوان الانفرادي عربي
043 ## - رمز المنطقة الجغرافية
رمز المنطقة الجغرافية a-sy---
072 ## - رمز الفئه الموضوعية
رمز فئه الموضوع 112
مجموعة رمز فئه الموضوع سورية
082 04 - رقم تصنيف ديوى العشرى
رقم التصنيف 956.531
رقم الطبعة 21
رقم المادة ع ع ت
100 1# - المدخل الرئيسى - إسم شخصى
الإسم الشخصى ابن عساكر، علي بن الحسن بن هبة الله،
التواريخ المصاحبة للاسم 499-571 هـ.
9 (RLIN) 246
245 10 - بيان العنوان
العنوان تاريخ دمشق الكبير /
بيان المسئوليه,etc علي بن الحسن بن هبة الله بن عساكر ؛ تحقيق علي عاشور الجنوبي.
250 ## - بيان الطبعة
بيان الطبعة ط. 1.
260 ## - PUBLICATION, DISTRIBUTION, ETC. (IMPRINT)
مكان الناشر او الموزع بيروت
اسم الناشر او الموزع دار احياء التراث العربي
تاريخ النشر أو التوزيع 2001
300 ## - الوصف المادى
التعداد 39 مج. ؛
أبعاد الوعاء 24 سم.
650 ## - المدخل الاضافى بالموضوع-مصطلح موضوعى
مصطلح موضوعي أو اسم جغرافي كعنصر مدخل التراجم
مصدر الرأس أو المصطلح aucsh. 7
651 ## - المدخل الاضافى بالموضوع - اسم جغرافى
الاسم الجغرافي دمشق (سوريا)
التقسيم الفرعي الشكلي تراجم
مصدر الرأس أو المصطلح aucsh.0
9 (RLIN) 1049
700 ## - المدخل الاضافى - اسم شخصى
الإسم الشخصى الجنوبي ، علي عاشور
الدور محقق
9 (RLIN) 1050
740 ## - المدخل الاضافى - عنوان مرتبط/تحليلى غير مقيد
العنوان التحليلي/ الرابط غير مقيد تاريخ دمشق الكبير.
942 ## - عناصر المدخل الإضافي( كوها)
مصدر التصنيف او مخطط الترفيف Dewey Decimal Classification
Koha [default] item type مراجع
المقتنيات
حالة الفقد نموذج السعر الفعال حالة تلف ليس للاعارة رقم الطلب تاريخ الاكتساب الموقع الحالي الباركود الفرع الرئيسي Date last seen نوع المادة فى نظام كوها مصدر التصنيف او خطة الترفيف Total Checkouts
  2013-03-10     956.531 ج25 ع ع ت 2011-10-17 قسم الاجراءات الفنية (IC) 00028049 قسم الاجراءات الفنية (IC) 2013-03-10 مراجع Dewey Decimal Classification  
  2013-03-10     956.531 ج26 ع ع ت 2011-10-17 قسم الاجراءات الفنية (IC) 00028057 قسم الاجراءات الفنية (IC) 2013-03-10 مراجع Dewey Decimal Classification  
  2013-03-10     956.531 ج27 ع ع ت 2011-10-17 قسم الاجراءات الفنية (IC) 00028058 قسم الاجراءات الفنية (IC) 2013-03-10 مراجع Dewey Decimal Classification  
  2013-03-10     956.531 ج28 ع ع ت 2011-10-17 قسم الاجراءات الفنية (IC) 00028070 قسم الاجراءات الفنية (IC) 2013-03-10 مراجع Dewey Decimal Classification  
  2013-03-10     956.531 ج29 ع ع ت 2011-10-17 قسم الاجراءات الفنية (IC) 00028116 قسم الاجراءات الفنية (IC) 2013-03-10 مراجع Dewey Decimal Classification  
  2013-03-10     956.531 ج30ع ع ت 2011-10-17 قسم الاجراءات الفنية (IC) 00028050 قسم الاجراءات الفنية (IC) 2013-03-10 مراجع Dewey Decimal Classification  
  2013-03-10     956.531 ج32ع ع ت 2011-10-17 قسم الاجراءات الفنية (IC) 00028065 قسم الاجراءات الفنية (IC) 2013-03-10 مراجع Dewey Decimal Classification  
  2013-03-10     956.531 ج33ع ع ت 2011-10-17 قسم الاجراءات الفنية (IC) 00028107 قسم الاجراءات الفنية (IC) 2013-03-10 مراجع Dewey Decimal Classification  
  2013-03-10     956.531 ج34ع ع ت 2011-10-17 قسم الاجراءات الفنية (IC) 00028048 قسم الاجراءات الفنية (IC) 2013-03-10 مراجع Dewey Decimal Classification  
  2013-03-10     956.531 ج35ع ع ت 2011-10-17 قسم الاجراءات الفنية (IC) 00028067 قسم الاجراءات الفنية (IC) 2013-03-10 مراجع Dewey Decimal Classification  
  2013-03-10     956.531 ج36ع ع ت 2011-10-17 قسم الاجراءات الفنية (IC) 00028021 قسم الاجراءات الفنية (IC) 2013-03-10 مراجع Dewey Decimal Classification  
  2013-03-10     956.531 ج37ع ع ت 2011-10-17 قسم الاجراءات الفنية (IC) 00028054 قسم الاجراءات الفنية (IC) 2013-03-10 مراجع Dewey Decimal Classification  
  2013-03-10     956.531 ج38ع ع ت 2011-10-17 قسم الاجراءات الفنية (IC) 00028068 قسم الاجراءات الفنية (IC) 2013-03-10 مراجع Dewey Decimal Classification  
  2013-03-10     956.531 ج31ع ع ت 2011-10-17 مكتبة كلية التمريض - طالبات (CNF)   مكتبة كلية التمريض - طالبات (CNF) 2013-03-10 مراجع Dewey Decimal Classification  
  2013-03-10     956.531 ج39ع ع ت 2011-10-17 مكتبة كلية التمريض - طالبات (CNF)   مكتبة كلية التمريض - طالبات (CNF) 2013-03-10 مراجع Dewey Decimal Classification